000 00466nam a2200145 a 4500
001 000033358
005 20200930070213.0
008 110825s1953 dr 000 0 spa d
040 _aDO-SdBNP
_bspa
_cBNPHU
082 _axxx
_bC352o
100 1 _aCastillo Gautreau, Americo
_958944
245 1 0 _aObservaciones sobre la realidad agrícola dominicana /
_cAmerico Castillo Gautreau.
260 _aSanto Domingo :
_bImpresora Dominicana,
_c1953.
300 _a87 p. ;
_c24 cm.
999 _c32849
_d32849